| 000 | 00486nam a22001937a 4500 | ||
|---|---|---|---|
| 003 | OSt | ||
| 005 | 20151015123349.0 | ||
| 008 | 130221t xxu||||| |||| 00| 0 eng d | ||
| 020 | _a9718563083 | ||
| 050 |
_aCT 1791 _b.K52 2002 |
||
| 082 |
_aFIL 920.0599 _b.K58 2002 |
||
| 100 | _aKing, Jenny | ||
| 245 |
_aGreat & famous Filipinos _cJenny King, |
||
| 260 |
_a[Pasig] _bWorldlink Books _c2002 |
||
| 300 |
_a103 p. _bill. _c22 cm. |
||
| 562 | _e1 | ||
| 942 |
_2lcc _cBK |
||
| 999 |
_c3441 _d3441 |
||